| 000 | 00439cam a2200181ua 4500 | ||
|---|---|---|---|
| 001 | 2719 | ||
| 008 | 110908n ii |||gr||||Z||||||asm | ||
| 040 | _cMAIN | ||
| 082 | _a891.4512 | ||
| 100 |
_aBharali, Sailen, _eAuthor. |
||
| 245 | 1 | 1 |
_aTragedy bichar _cby Sailen Bharali |
| 250 | _a8th. | ||
| 260 |
_aGuahati: _bChandra Prakash, _c2007. |
||
| 300 |
_a63p: _c23cm. |
||
| 653 | _aAssamese drama | ||
| 653 | _aTragedy bichar | ||
| 942 | _cBK | ||
| 999 |
_c2569 _d2569 |
||